Les vainqueurs de la Route du Rhum - Statistiques

Statistiques générales
  • Ce quiz a été pris 19 fois
  • Le résultat moyen est 5 sur 12
Statistiques - réponses
Hint Explanation Réponse % Correct
2022 Maxi Edmond de Rotschild Charles Caudrelier
67%
1990 Pierre 1er Florence Arthaud
60%
1978 Olympus Mike Birch
60%
2018 IDEC Sport Francis Joyon
47%
2014 Banque populaire 7 Loïck Peyron
47%
2010 Groupama 3 Franck Cammas
33%
1994 Primagaz Laurent Bourgnon
33%
2006 Gitana 11 Lionel Lemonchois
33%
2002 Géant Michel Desjoyeaux
33%
1998 Primagaz Laurent Bourgnon
27%
1982 Elf Aquitaine Marc Pajot
13%
1986 Fleury Michon Philippe Poupon
13%
Aucun quiz correspondant
Distribution des résultats
% des personnes avec chaque résultat
Percentile par nombre de réponses
Votre historique - résultats
Vous n’avez pas pris ce quiz